Тест на общие знания №46 - Statistics

General Stats
  • This quiz has been taken 42 times
  • The average score is 9 of 20
Answer Stats
Вопрос Ответ % Correct
Какое млекопитающее для самозащиты выпускает струю газа с резким запахом? скунс
96%
На каком инструменте играл крокодил Гена? гармошка
93%
Какой орган человеческого тела отвечает за фильтрацию токсинов из организма? печень
81%
Какая фамилия у премьер-министра Великобритании Бориса, президента США Линдона и киноактёра Дуэйна? Джонсон
78%
Какой композитор написал цикл "Времена года"? Антонио Вивальди
70%
В какой программе для сложения чисел нужно ввести команду "=СУММ"? Microsoft Excel
63%
Чего у людей с полидактилией больше, чем у остальных? пальцы
52%
Как с испанского переводится слово "muerte"? смерть
52%
Кто, согласно выражению, спас Рим? гуси
52%
Какую часть тела поражает пульпит? зубы
48%
Как назывался кодекс самураев? Бусидо
26%
Какое слово сложил Кай, находясь в плену у Снежной королевы? "вечность"
26%
Какой город до 1976-го года назывался Сайгон? Хошимин
22%
Какая страна, помимо Лихтенштейна, вдвойне не имеет выхода к морю? Узбекистан
19%
Большинство обладателей этого рекорда, скорее всего, умрут в течение года. Что это за рекорд? самый старый человек
19%
Как называется кухня на корабле? камбуз
19%
Где находится Земля королевы Мод? Антарктида
15%
Кто был главным противником Рокки Бальбоа в первой части серии фильмов "Рокки"? Аполло Крид
15%
Как называется командная игра, в которой игроки толкают мяч диаметром в человеческий рост? пушбол
7%
Какая река в славянской мифологии разделяет мир живых и мир мёртвых? Смородина
7%
No matching quizzes found
Score Distribution
Percent of People with Each Score
Percentile by Number Answered
Your Score History
You have not taken this quiz